El ciudadano en la integración económica
Guardat en:
| Autor principal: | |
|---|---|
| Format: | Llibre |
| Idioma: | espanyol |
| Publicat: |
Santiago
Academia Diplomática de Chile
1999
|
| Matèries: | |
| Etiquetes: |
Afegir etiqueta
Sense etiquetes, Sigues el primer a etiquetar aquest registre!
|
MARC
| LEADER | 00000nam a2200000 a 4500 | ||
|---|---|---|---|
| 001 | UCO6237 | ||
| 003 | CL-VaPUC | ||
| 008 | 001020e19990000CL |||||||||||||||||spa|d | ||
| 020 | |a 9567972001 | ||
| 082 | 0 | 4 | |a 337.1 |b LOP |2 21 |
| 100 | |a López Dawson, Carlos |e autor |9 460278 | ||
| 245 | 1 | 3 | |a El ciudadano en la integración económica |
| 300 | |a 203 p | ||
| 942 | |c BK | ||
| 945 | |d 20001020 00:00:00 |a rbrito | ||
| 260 | |a Santiago |b Academia Diplomática de Chile |c 1999 | ||
| 650 | 0 | |a Integración económica |9 255024 | |
| 650 | 0 | |a Derechos humanos |9 223025 | |
| 650 | 0 | |a Políticas sociales |9 358116 | |
| 651 | 0 | |a Europa |9 255156 | |
| 651 | 0 | |a América |9 255182 | |
| 583 | |a last modification |c 20001020 00:00:00 |k Rodrigo Vera | ||
| 999 | |c 291897 |d 291895 | ||
| 952 | |0 0 |1 0 |4 0 |6 337_100000000000000_LOP_1999 |7 0 |8 A |9 342204 |a BIBGIM |b BIBGIM |d 2019-11-20 |i 3615847 |o 337.1 LOP 1999 |p 3615847 |r 2025-01-15 |w 2019-11-20 |y BK |k GIM | ||
| 952 | |0 0 |1 0 |4 0 |6 337_100000000000000_LOP_1999 |7 0 |8 A |9 342205 |a BIBGIM |b BIBGIM |d 2019-11-20 |i 4699718 |o 337.1 LOP 1999 |p 4699718 |r 2025-01-15 |w 2019-11-20 |y BK |k GIM | ||
| 952 | |0 0 |1 0 |4 0 |6 337_100000000000000_LOP_1999 |7 0 |8 A |9 342206 |a BIBHIS |b BIBHIS |d 2019-11-20 |i 4701283 |o 337.1 LOP 1999 |p 4701283 |r 2025-01-20 |w 2019-11-20 |y BK |k HIS | ||